000 00331nam a2200145Ia 4500
005 20241024054952.0
008 240331s9999 xx 000 0 und d
082 _bWIJ
_a821
100 _aWijeratne, K
245 0 _aThat one talent
260 _aKandy
_bMalinda Printers
_c1998
300 _a19 p .,
650 _aPoems
942 _cL
999 _c3329
_d3329